[Event "PRO League Atlantic 2017"]
[Site "masterchessopen.com chess.com INT"]
[Date "2017.02.01"]
[Round "4"]
[White "Moradiabadi,E"]
[Black "Pichot,A"]
[Result "0-1"]
[WhiteElo "2574"]
[BlackElo "2548"]

1. d4 Nf6 2. c4 g6 3. Nc3 Bg7 4. e4 d6 5. Nf3 O-O 6. Be2 e5 7. O-O Nc6 8. d5
Ne7 9. a4 a5 10. b3 Nd7 11. Ne1 f5 12. f3 f4 13. Nd3 g5 14. Ba3 Rf6 15. c5 b6
16. c6 Nf8 17. b4 Rh6 18. bxa5 bxa5 19. Rb1 Qe8 20. Nf2 Qh5 21. h3 Neg6 22.
Ng4 Nh4 23. Nxh6+ Qxh6 24. Rf2 Bf6 25. Bf1 Qg7 26. Rfb2 h5 27. Rb8 Rxb8 28.
Rxb8 g4 29. Rxc8 gxf3 30. Rxf8+ Kxf8 31. Qb3 Qg3 32. Qb8+ Kg7 33. Qxc7+ Kg6
34. Qc8 fxg2 35. Qg8+ Bg7 36. Qe8+ Kh6 37. Qe6+ Kh7 {#R} 0-1